000 01484nam a2200337 c 4500
003 BLK
005 20180420223642.0
008 180408b bul|||||r ||||||| ||bul||
010 _aKNG00073404000
020 _a954-90237-3-7
_bиздат.: Златно ключе
040 _aBLK
041 _aBUL
_cBUL
080 _aВосъчни фигури (паноптикум), игри с кукли, игри на сенки и др. п. развлечения. Вж и 688; 792.96; 792. 97
_b791.5
_x.02
_z791.5.02
080 _aКуклен театър. Марионетен театър. Вж и 791.5
_b792.97
_x
_z792.97
100 1 _aЦветанов, Мирослав Любомиров
_eпърви автор
_9261910
139 _aЦветанов, Мирослав Любомиров
_bЦ 30
245 1 0 _aВълшебните техники
_bМетод в куклената технология
_cМирослав Любомиров Цветанов.
257 _aBGR
260 София
_bЗлатно ключе
_c2006
300 _a208 с.
_bс ил.
_c24 см
380 _a7
500 _aНа кор. авт. отбелязан Миро. - Офс. изд. - Библиогр. под линия.
650 4 _aКукли - технологии
_9274231
653 _aкукли
653 _aтехнологии
852 _aЦб 232674
856 4 _qpdf
_u
856 4 _qpdf
_u
942 _cKNG
_n0
944 _aCR
_c23.03.2007
_kИрена_Линкова
944 _aED
_c12.10.2012
_k
999 _c69065
_d69065